| 000 | 00973cam a22002415a 4500 | ||
|---|---|---|---|
| 001 | L158160 | ||
| 008 | 121121s2014 xxko f 000 0 eng d | ||
| 020 | _a9781848063792 | ||
| 035 | _a(Sirsi) u158160 | ||
| 041 | 0 | _aeng | |
| 100 | 1 | _aSadgrove, Roger | |
| 245 | 0 | 0 | _aInstallation of photovoltaic panels on existing flat roofs - some lessons learned |
| 260 |
_aWatford _bBRE _c2014 |
||
| 300 |
_a8p. _bill. _c30cm. |
||
| 490 | 0 |
_aBRE Information Paper _v(8/14) |
|
| 520 | _aThis Information Paper will make clients and their consultants aware of some of the issues involved in the installation of PV systems on a traditional asphalt flat roof of an existing building. It reports on the insights gained in carrying out the whole process from the planning stage through to commissioning, operation and maintenance. | ||
| 521 | _aAdvanced | ||
| 590 | _aKA | ||
| 651 | 4 |
_aUnited Kingdom _y |
|
| 690 |
_aSustainability _96271 |
||
| 700 | 1 | _aPester, Steve | |
| 942 | _n0 | ||
| 999 |
_c115177 _d115177 |
||